00790nam a2200205 a 450000100100000000500170001000800410002702000180006804000250008608200150011110000270012624500770015326000830023030000200031349000470033359000260038083000480040695201130045499900170056700004476420201002045617.0150109s2012 dr ab r 000 0 spa d a9789945412710 aDO-SdBNPbspacBNPHU axxxxbxxxx1 aMedina, Dilenia97277214aLas Protestas Sociales en República Dominicana 2010 /cDilenia Medina. aSanto Domingo :bFundación Global Democracia y Desarrollo (Funglode),c2012. a29 p. ;c24 cm.1 aCuadernos del OPDaSerie Sociedad Civilv3 aInventariado, 2019/BT00aCuadernos del OPDpSociedad Civiln3972773 0010718PDaPDbPDcHDd2015-01-09iLF1l0oxxxx xxxxp44764-10r2020-06-25w2020-06-25yLFPDZNo se presta c44253d44253